| 000 | 00484nam a2200181Ia 4500 | ||
|---|---|---|---|
| 005 | 20250326143949.0 | ||
| 008 | 250326s9999 xx 000 0 und d | ||
| 037 | _aTextbook | ||
| 040 |
_aFMSL _beng _cFMSL |
||
| 041 |
_aeng _2eng |
||
| 084 |
_aS L33 _qFMSL |
||
| 100 |
_aBrentano F _9748815 |
||
| 245 | 0 |
_aPsychology from an empirical standpoint _cBrentano F |
|
| 260 |
_aNY _bNY, Routledge _c1973 |
||
| 300 | _a415p | ||
| 942 |
_cTB _hS L33 |
||
| 999 |
_c1301803 _d1301803 |
||